Most populous cities in SAARC - Statistics

General Stats
  • This quiz has been taken 30 times
  • The average score is 14 of 20
Answer Stats
Population City % Correct
31.3 mil Delhi
96%
25.6 mil Mumbai
96%
20.3 mil Dhaka
89%
11.6 mil Chennai
86%
4.8 mil Colombo
86%
18.2 mil Karachi
86%
17.0 mil Kolkata
86%
8.7 mil Ahmedabad
79%
12.7 mil Bangalore
79%
3.5 mil Islamabad/Rawalpindi
79%
10.4 mil Hyderabad
75%
13.5 mil Lahore
75%
5.0 mil Chittagong
68%
7.1 mil Pune
64%
3.8 mil Lucknow
57%
4.0 mil Jaipur
43%
3.3 mil Nagpur
39%
6.9 mil Surat
39%
3.7 mil Faisalabad
36%
3.5 mil Kanpur
29%
No matching quizzes found
Score Distribution
Percent of People with Each Score
Percentile by Number Answered
Your Score History
You have not taken this quiz